Financial reporting, financial statement analysis, and valuation : (Record no. 18700)
[ view plain ]
| 000 -LEADER | |
|---|---|
| fixed length control field | 01287cam a2200337 a 4500 |
| 001 - CONTROL NUMBER | |
| control field | 16267385 |
| 005 - DATE AND TIME OF LATEST TRANSACTION | |
| control field | 20141202124235.0 |
| 008 - FIXED-LENGTH DATA ELEMENTS--GENERAL INFORMATION | |
| fixed length control field | 100604t2011 xxua frb 001 0 eng d |
| 010 ## - LIBRARY OF CONGRESS CONTROL NUMBER | |
| LC control number | 2010930107 |
| 020 ## - INTERNATIONAL STANDARD BOOK NUMBER | |
| International Standard Book Number | 9780324789423 |
| 020 ## - INTERNATIONAL STANDARD BOOK NUMBER | |
| International Standard Book Number | 9780324789416 (hbk.) |
| 020 ## - INTERNATIONAL STANDARD BOOK NUMBER | |
| International Standard Book Number | 0324789416 |
| 040 ## - CATALOGING SOURCE | |
| Original cataloging agency | DLC |
| Transcribing agency | DLC |
| Modifying agency | EG-ScBUE |
| 082 00 - DEWEY DECIMAL CLASSIFICATION NUMBER | |
| Edition number | 22 |
| Classification number | 657.3 |
| Item number | WAH |
| 100 1# - MAIN ENTRY--PERSONAL NAME | |
| Personal name | Wahlen, James M. |
| 9 (RLIN) | 36744 |
| 245 10 - TITLE STATEMENT | |
| Title | Financial reporting, financial statement analysis, and valuation : |
| Remainder of title | a strategic perspective / |
| Statement of responsibility, etc | James M. Wahlen, Stephen P. Baginski, Mark T. Bradshaw. |
| 250 ## - EDITION STATEMENT | |
| Edition statement | 7th ed. |
| 260 ## - PUBLICATION, DISTRIBUTION, ETC. (IMPRINT) | |
| Place of publication, distribution, etc | Mason, United States : |
| Name of publisher, distributor, etc | South-Western Cengage Learning, |
| Date of publication, distribution, etc | c.2011. |
| 300 ## - PHYSICAL DESCRIPTION | |
| Extent | xxx, 1261 p. : |
| Other physical details | ill. ; |
| Dimensions | 26 cm. |
| 500 ## - GENERAL NOTE | |
| General note | Rev. ed. of : Financial reporting, financial statement analysis, and valuation : a strategic perspective / Clyde P. Stickney, Paul R. Brown, James M. Wahlen. 6th ed. |
| 500 ## - GENERAL NOTE | |
| General note | Includes appendixes. |
| 500 ## - GENERAL NOTE | |
| General note | Index : p. 1247-1261. |
| 504 ## - BIBLIOGRAPHY, ETC. NOTE | |
| Bibliography, etc | Includes bibliographical references. |
| 650 #0 - SUBJECT ADDED ENTRY--TOPICAL TERM | |
| Topical term or geographic name as entry element | Accounting |
| 9 (RLIN) | 9036 |
| 650 #0 - SUBJECT ADDED ENTRY--TOPICAL TERM | |
| Topical term or geographic name as entry element | Financial statements |
| 9 (RLIN) | 4982 |
| 653 ## - INDEX TERM--UNCONTROLLED | |
| Resource For college | BAEPS, Business Administration |
| Arrived date list | December2014 |
| 655 ## - INDEX TERM--GENRE/FORM | |
| Form subdivision | |
| -- | 34232 |
| 700 1# - ADDED ENTRY--PERSONAL NAME | |
| Personal name | Baginski, Stephen P., |
| Dates associated with a name | 1957- |
| 9 (RLIN) | 36745 |
| 700 1# - ADDED ENTRY--PERSONAL NAME | |
| Personal name | Bradshaw, Mark T. |
| 9 (RLIN) | 36746 |
| 942 ## - ADDED ENTRY ELEMENTS (KOHA) | |
| Source of classification or shelving scheme | Dewey Decimal Classification |
| Call number prefix | 657.3 WAH |
| Withdrawn status | Item status | Source of classification or shelving scheme | Damaged status | Not for loan | Vendor | Home library | Current library | Shelving location | Date acquired | Source of acquisition | Cost, normal purchase price | Serial Enumeration / chronology | Total Checkouts | Total Renewals | Full call number | Barcode | Date last seen | Date last borrowed | Cost, replacement price | Koha item type |
|---|---|---|---|---|---|---|---|---|---|---|---|---|---|---|---|---|---|---|---|---|
| Dewey Decimal Classification | Baccah | Central Library | Central Library | First floor | 02/12/2014 | 2223.00 | 20677 | 5 | 50 | 657.3 WAH | 000037082 | 15/07/2025 | 11/03/2020 | 2778.75 | Book - Borrowing |